000 00754nam a2200205 a 4500
001 BRCA_2221
005 20190320203723.0
008 001023s1999 sp-a---###---#000-0#spa-#
020 _a8445324489
040 _aDLC
_cDLC
050 4 _aBL2560
_b.S26 1999
245 1 0 _aSantiago
_bSan Paio de Antealtares.
260 _aXunta de Galicia
_bConsellería de Cultura, Comunicación Social e Turismo
_c1999
300 _a309 p.
_bil. a color
_c26 cm.
500 _aCatálogo de la exposición realizada en el Monasterio de San Paio de Antealtares (Santiago de Compostela) 24 junio - 31 diciembre, 1999
650 1 4 _aSantos
_vExposiciones
_xCulto
_96681
650 1 4 _aCulto
_vExposiciones
_xHistoria
_96682
653 0 _aSantiago, el Mayor, Santo
942 _2lcc
_cB
999 _c1974
_d1974